| 000 | 00944cam a22001931 4500 | ||
|---|---|---|---|
| 082 |
_a940.54 _bWER |
||
| 100 | 1 |
_aWerner, Max, _949600 |
|
| 245 | 1 | 0 |
_aBattle for the world, _bthe strategy and diplomacy of the second world war, _cby Max Werner ... Translated by Heinz and Ruth Norden. |
| 260 |
_aLondon, _bV. Gollancz ltd, _c1941. |
||
| 300 |
_a288 p. _billus. _c19 cm. |
||
| 500 | _aThe manuscript of the present book, which was published in the United States late in April 1941, was concluded late in March 1941. An "Afterword" has been added to this edition to bring the narrative as nearly up to date as possible for publication in June. cf. Foot-note, p. [272] | ||
| 526 |
_a0 _b0 _c0 _d940_540000000000000_WER |
||
| 650 | 0 |
_aMCE _9379 |
|
| 650 | 0 |
_aWorld War, 1939-1945 _xCampaigns. |
|
| 650 | 0 |
_aWorld War, 1939-1945 _xDiplomatic history. _950004 |
|
| 700 | 1 |
_aNorden, Heinz, _946143 |
|
| 700 | 1 |
_aNorden, Ruth, _950005 |
|
| 942 |
_2ddc _cBK |
||
| 999 |
_c552739 _d552739 |
||